Music Quiz

Random Music or Song Quiz

First Lines: 21 by Adele Quiz Stats

 Plays Quiz not verified by Sporcle

Challenge
Share
Tweet
Embed
Score 0/11 Timer 03:00
0 Plays Today
% Correct
Someone Like You
90.2%
Rolling in the Deep
85.3%
Rumour Has It
83.3%
Set Fire to the Rain
83%
Turning Tables
73.7%
Don't You Remember
63.8%
Take It All
60.7%
Lovesong
60.7%
One and Only
55.6%
I'll Be Waiting
49.3%
He Won't Go
46.7%

You're not logged in!

Compare scores with friends on all Sporcle quizzes.
OR
Log In

You Might Also Like...

Show Comments

Extras

Top Quizzes Today


Score Distribution

Your Account Isn't Verified!

In order to create a playlist on Sporcle, you need to verify the email address you used during registration. Go to your Sporcle Settings to finish the process.

Report this User

Report this user for behavior that violates our Community Guidelines.

Details: